000 02373nam0a2200325 4500
001 RU\NLR\BIBL_A\011719865
005 20180711164420.0
021 _aRU
_bКН-П-18-033691
_9КН-П-18-2450
035 _a(NLR Aleph) 011719865
035 _a(RuMoRGB)009628282
090 _a11477195
_c11477195
100 _a20180605d2017 k y0rusy50 ca
101 0 _arus
_aeng
102 _aRU
105 _a |||z|||100zy
200 1 _aНовое поколение в науке - 2017
_eсборник тезисов докладов научно-практической конференции, 17 марта 2017 г.
_fФедеральное агентство морского и речного транспорта, Федеральное государственное бюджетное образовательное учреждение высшего образования "Государственный морской университет имени адмирала Ф.Ф. Ушакова"
_g[редакционная коллегия: Кондратьев С.И., д.т.н., проф. и др.]
210 _aНовороссийск
_cРИО ФГБОУ ВО ГМУ им. адм. Ф.Ф. Ушакова
_d2017
215 _a239 с.
_cил., табл.
_d30
300 _aЧасть текста на англ. яз.
601 0 2 _aМорская государственная академия им. Ф.Ф. Ушакова
_cНовороссийск, город; Краснодарский край
_jСборники
_xНаучные конференции студентов
_92290454
_3RU\NLR\AUTH\6601599280
686 _aЯ431(2Р-4Кр)3
_2rubbk
686 1 _aЯ431(2Р-4Кр-2Нов)3
702 1 _aКондратьев
_bС. И.
_gСергей Иванович
_4340
711 0 2 _aГосударственный морской университет им. Ф. Ф. Ушакова
_bНаучно-практическая конференция
_cНовороссийск
_f2017
_9608587
_3RU\NLR\AUTH\880473487
942 _cBOOK
980 _aNBR
980 _aNB